| 000 | 01335nam a22002777a 4500 | ||
|---|---|---|---|
| 999 |
_c63805 _d63805 |
||
| 005 | 20240530110659.0 | ||
| 008 | 171225s2015 ua a g b 000 0dara d | ||
| 017 |
_a2014/21053 _bمصر. دار الكتب |
||
| 020 | _a9789777189262 | ||
| 040 |
_aEG-CaGPL _cEG-CaGPL |
||
| 082 | 0 | 4 |
_221 _a330.9\ _bس ق |
| 100 | 1 | _aسوندرام ، جومو كوامى | |
| 245 | 1 | 2 |
_aالقرن العشرون الطويل : _bالاستعمار الاقتصادى الامريكى لدول العالم الثالث : هيمنة - تنمية غير متكافئة - تفاوت عالمى / _cتحرير جومو كوامى سوندرام ؛ ترجمة محمود كامل . |
| 250 | _aط.1 | ||
| 260 |
_aالقاهرة : _bالمركز القومى للترجمة ، _c2015 . |
||
| 300 |
_a338 ص. ؛ _c24 سم. |
||
| 490 |
_aالمركز القومى للترجمة ؛ _v2451 |
||
| 650 | 0 | 7 |
_2qrmak _aالرأسمالية |
| 650 | 0 | 7 |
_2qrmak _aالامبريالية |
| 651 | 0 | 7 |
_2qrmak _aامريكا اللاتينية _xالاحوال الاقتصادية |
| 651 | 0 | 7 |
_2qrmak _aالهند _xالاحوال الاقتصادية |
| 651 | 0 | 7 |
_2qrmak _aجنوب شرق اسيا _xالاحوال الاقتصادية |
| 700 | 0 |
_aمحمود كامل _eمترجم |
|
| 942 |
_2ddc _cBK |
||